| 000 | 00758nam a2200193 a 4500 | ||
|---|---|---|---|
| 003 | AM-YeHGA | ||
| 040 | _aAM-YeHGA | ||
| 090 | _c443353 | ||
| 005 | 20250617155846.0 | ||
| 008 | 190611s1960 ru d||||r|||||000|0|rus|| | ||
| 041 | 0 | _arus | |
| 100 | 1 | _aГусев, Александр Николаевич | |
| 245 | 1 | 0 |
_aАвтоматизация ковочно-штамповочного пресса / _cА.Н. Гусев. |
| 260 |
_aМосква : _bМашгиз, _c1960. |
||
| 300 |
_a48 с. : _bчерт., табл. ; _c20 см. |
||
| 650 | 1 | 4 |
_aКузнечное производство _xПрессы штамповочные, автоматические |
| 650 | 1 | 4 |
_aАвтомобильные детали _xШтамповка |
| 942 |
_2udc _cBK |
||
| 999 |
_c440578 _d440578 |
||